LEADER 03994nam 2200613 450 001 9910480882803321 005 20170817193954.0 010 $a0-8218-7666-X 035 $a(CKB)3240000000069605 035 $a(EBL)3113038 035 $a(SSID)ssj0000629258 035 $a(PQKBManifestationID)11412262 035 $a(PQKBTitleCode)TC0000629258 035 $a(PQKBWorkID)10731156 035 $a(PQKB)10363338 035 $a(MiAaPQ)EBC3113038 035 $a(PPN)197103995 035 $a(EXLCZ)993240000000069605 100 $a19880812h19881988 uy| 0 101 0 $aeng 135 $aur|n|---||||| 181 $ctxt 182 $cc 183 $acr 200 10$aBraids $eproceedings of the AMS-IMS-SIAM Joint Summer Research Conference on Artin's Braid Group, held July 13-16, 1986 at the University of California, Santa Cruz, California /$fJoan S. Birman, Anatoly Libgober, editors 210 1$aProvidence, Rhode Island :$cAmerican Mathematical Society,$d[1988] 210 4$dİ1988 215 $a1 online resource (766 p.) 225 1 $aContemporary mathematics,$x0271-4132 ;$vvolume 78 300 $a"AMS-IMS-SIAM Joint Summer Research Conference in the Mathematical Sciences on Artin's Braid Group ... held at the University of California, Santa Cruz, California on July 13-26, 1986, with support from the National Science Foundation"--T.p. verso. 311 $a0-8218-5088-1 320 $aIncludes bibliographical references. 327 $a""Contents""; ""Organizing Committee""; ""List of Participants""; ""Introduction""; ""A construction of integrable differential system associated with braid groups""; ""Mapping class groups of surfaces""; ""Automorphic sets and braids and singularities""; ""The operator algebras of the two dimensional Ising model""; ""Artin's braid groups, classical homotopy theory, and sundry other curiosities""; ""Classification of solvorbifolds in dimension three - I""; ""Pure braid groups and products of free groups""; ""Polynomial covering maps"" 327 $a""Arithmetic analogues of braid groups and Galois representations""""Application of braids to fixed points of surface maps""; ""Statistical mechanics and the Jones polynomial""; ""Hurwitz action and finite quotients of braid groups""; ""Heights of simple loops and pseudo-Anosov homeomorphisms""; ""Linear representations of braid groups and classical Yang-Baxter equations""; ""A survey of Heeke algebras and the Artin braid groups""; ""On divisibility properties of braids associated with algebraic curves""; ""The panorama of polynomials for knots, links and skeins"" 327 $a""The structure of deleted symmetric products""""Braid group technique in complex geometry, I: Linearrangements in Cp2""; ""Problems""; ""Polynomials from braids""; ""The Jones polynomial of satellite links about mutants""; ""On the deformation of certain type of algebraic varieties""; ""Braids and discriminants""; ""tk moves on links""; ""Mutually braided open books and new invariants of fibered links""; ""Generalized braid groups and self-energy Feynman integrals""; ""Markov classes in certain finite symplectic representations of braid groups""; ""The braid index of an algebraic link"" 327 $a""Markov algebras"" 410 0$aContemporary mathematics (American Mathematical Society) ;$vvolume 78. 606 $aBraid theory$vCongresses 608 $aElectronic books. 615 0$aBraid theory 676 $a514/.224 702 $aBirman$b Joan S.$f1927- 702 $aLibgober$b A$g(Anatoly),$f1949- 712 02$aAmerican Mathematical Society, 712 02$aInstitute of Mathematical Statistics, 712 02$aSociety for Industrial and Applied Mathematics, 712 12$aAMS-IMS-SIAM Joint Summer Research Conference in the Mathematical Sciences on Artin's Braid Group 801 0$bMiAaPQ 801 1$bMiAaPQ 801 2$bMiAaPQ 906 $aBOOK 912 $a9910480882803321 996 $aBraids$92102427 997 $aUNINA LEADER 03179nam 2200697 450 001 9910464182303321 005 20210920155739.0 010 $a1-4698-1751-9 010 $a1-4698-7900-X 035 $a(CKB)3460000000122738 035 $a(EBL)3417720 035 $a(SSID)ssj0000855442 035 $a(PQKBManifestationID)12385176 035 $a(PQKBTitleCode)TC0000855442 035 $a(PQKBWorkID)10913171 035 $a(PQKB)11534306 035 $a(MiAaPQ)EBC3417720 035 $a(MiAaPQ)EBC2031823 035 $a(Au-PeEL)EBL3417720 035 $a(CaPaEBR)ebr10822801 035 $a(OCoLC)923520685 035 $a(Au-PeEL)EBL2031823 035 $a(OCoLC)908075569 035 $a(EXLCZ)993460000000122738 100 $a20120215h20132013 uy| 0 101 0 $aeng 135 $aur|n|---||||| 181 $ctxt 182 $cc 183 $acr 200 00$aMcGlamry's comprehensive textbook of foot and ankle surgery 205 $aFourth edition /$beditor, Joe T. Southerland ; section editors, Jeffrey S. Boberg [and three others] ; authors' editor, Daniel F. Vickers, CAE, Executive Director, The Podiatry Institute, Decatur, Georgia. 210 1$aPhiladelphia :$cWolters Kluwer Health/Lippincott Williams & Wilkins,$d[2013] 210 4$dİ2013 215 $a1 online resource (2002 p.) 300 $aDescription based upon print version of record. 311 $a0-7817-6580-3 320 $aIncludes bibliographical references and index. 327 $apart I. Basics -- part II. Forefoot surgery -- part III. First ray, hallux abducto valgus, and related deformities -- part IV. Rearfoot -- part V. Ankle -- part VI. Midfoot joint arthrodesis -- part VII. Special surgery : conditions -- part VIII. Special surgery : soft tissue -- part IX. Special surgery : miscellaneous topics -- part X. Tumors -- part XI. Trauma. 330 $aThe definitive text in its field, McGlamry's Comprehensive Textbook of Foot and Ankle Surgery, is the ideal reference for the podiatric or orthopedic surgeon, resident, or student preparing for certification exams. From perioperative management to postoperative complications and considerations, this must-have resource prepares you for a full range of podiatric surgeries and procedures ranging from routine trauma of the foot and leg to compound deformities, enabling you to face any challenge with confidence. 606 $aFoot$xSurgery 606 $aAnkle$xSurgery 606 $aFoot$xWounds and injuries$xSurgery 606 $aAnkle$xWounds and injuries$xSurgery 608 $aElectronic books. 615 0$aFoot$xSurgery. 615 0$aAnkle$xSurgery. 615 0$aFoot$xWounds and injuries$xSurgery. 615 0$aAnkle$xWounds and injuries$xSurgery. 676 $a617.5/85059 701 $aMcGlamry$b E. Dalton$01043795 701 $aSoutherland$b Joe T$01043796 701 $aVickers$b Daniel$01043797 701 $aBoberg$b Jeffrey S$01043798 801 0$bMiAaPQ 801 1$bMiAaPQ 801 2$bMiAaPQ 906 $aBOOK 912 $a9910464182303321 996 $aMcGlamry's comprehensive textbook of foot and ankle surgery$92469017 997 $aUNINA